<?xml version="1.0" encoding="UTF-8"?>
<record
    xmlns:xsi="http://www.w3.org/2001/XMLSchema-instance"
    xsi:schemaLocation="http://www.loc.gov/MARC21/slim http://www.loc.gov/standards/marcxml/schema/MARC21slim.xsd"
    xmlns="http://www.loc.gov/MARC21/slim">

  <leader>01542    a2200217   4500</leader>
  <controlfield tag="001">59784</controlfield>
  <controlfield tag="005">20260407155851.0</controlfield>
  <controlfield tag="008">260407a1959    arg                 spa d</controlfield>
  <controlfield tag="003">AR-UNSa-BCEJYS</controlfield>
  <datafield tag="040" ind1=" " ind2=" ">
    <subfield code="a">AR-UNSa-BCEJYS</subfield>
    <subfield code="b">spa</subfield>
    <subfield code="c">AR-UNSa-BCEJYS</subfield>
  </datafield>
  <datafield tag="080" ind1=" " ind2=" ">
    <subfield code="a">342.5</subfield>
    <subfield code="x">Poderes del estado. Sistema y funci&#xF3;n de los &#xF3;rganos del gobierno</subfield>
  </datafield>
  <datafield tag="245" ind1="1" ind2="0">
    <subfield code="a">Gobierno y administraci&#xF3;n de la Rep&#xFA;blica Argentina</subfield>
  </datafield>
  <datafield tag="250" ind1=" " ind2=" ">
    <subfield code="a">2a. ed.</subfield>
  </datafield>
  <datafield tag="264" ind1=" " ind2="1">
    <subfield code="a">Buenos Aires :</subfield>
    <subfield code="b">TEA (Tipogr&#xE1;fica Editora Argentina)</subfield>
    <subfield code="c">1959</subfield>
  </datafield>
  <datafield tag="300" ind1=" " ind2=" ">
    <subfield code="a">2 v. (515 ; 453 p.)</subfield>
    <subfield code="c">23 cm.</subfield>
  </datafield>
  <datafield tag="505" ind1=" " ind2=" ">
    <subfield code="a">Vol. I: 1. Derecho - 2. La organizaci&#xF3;n pol&#xED;tica de los estados modernos. La era constitucional en Europa y en Am&#xE9;rica - 3. El Estado moderno y sus funciones &#x2013; 4. Agentes del servicio p&#xFA;blico &#x2013; 5. La constituci&#xF3;n argentina: sus antecedentes &#x2013; 6. Caracteres de la forma representativa republicana federal &#x2013; 7. Poder ejecutivo &#x2013; 8. Poder judicial &#x2013; 9. Formaci&#xF3;n del Tesoro Nacional -- Vol. II: 10. Derecho p&#xFA;blico provincial &#x2013; 11. R&#xE9;gimen municipal &#x2013; 12. Organizaci&#xF3;n administrativa argentina &#x2013; 13. R&#xE9;gimen aduanero &#x2013; 14. R&#xE9;gimen legal de la tierra p&#xFA;blica &#x2013; 15. Tributos &#x2013; 16. R&#xE9;gimen de recaudaci&#xF3;n, inversi&#xF3;n y contralor &#x2013; 17. Derechos y garant&#xED;as constitucionales &#x2013; 18. Limitaciones administrativas a la propiedad privada &#x2013; 19. Suspensi&#xF3;n de las garant&#xED;as constitucionales &#x2013; 20. Responsabilidad del estado</subfield>
  </datafield>
  <datafield tag="041" ind1=" " ind2=" ">
    <subfield code="a">spa</subfield>
  </datafield>
  <datafield tag="942" ind1=" " ind2=" ">
    <subfield code="c">BK</subfield>
  </datafield>
  <datafield tag="590" ind1=" " ind2=" ">
    <subfield code="a">niveau_biblio:m niveau_hierar:0</subfield>
  </datafield>
  <datafield tag="100" ind1="1" ind2=" ">
    <subfield code="a">Linares Quintana, Segundo V.</subfield>
  </datafield>
  <datafield tag="999" ind1=" " ind2=" ">
    <subfield code="c">6821</subfield>
    <subfield code="d">6821</subfield>
  </datafield>
  <datafield tag="952" ind1=" " ind2=" ">
    <subfield code="0">0</subfield>
    <subfield code="1">0</subfield>
    <subfield code="4">0</subfield>
    <subfield code="7">0</subfield>
    <subfield code="a">BCEJYS</subfield>
    <subfield code="b">BCEJYS</subfield>
    <subfield code="c">16</subfield>
    <subfield code="d">2026-04-07</subfield>
    <subfield code="l">0</subfield>
    <subfield code="o">342.5 L735 v.1 2ed.</subfield>
    <subfield code="p">L20483</subfield>
    <subfield code="r">2026-04-07 15:58:51</subfield>
    <subfield code="w">2026-04-07</subfield>
    <subfield code="y">L</subfield>
  </datafield>
  <datafield tag="952" ind1=" " ind2=" ">
    <subfield code="0">0</subfield>
    <subfield code="1">0</subfield>
    <subfield code="4">0</subfield>
    <subfield code="7">0</subfield>
    <subfield code="a">BCEJYS</subfield>
    <subfield code="b">BCEJYS</subfield>
    <subfield code="c">16</subfield>
    <subfield code="d">2026-04-07</subfield>
    <subfield code="l">0</subfield>
    <subfield code="o">342.5 L735 v.2 2ed.</subfield>
    <subfield code="p">L20484</subfield>
    <subfield code="r">2026-04-07 15:58:51</subfield>
    <subfield code="w">2026-04-07</subfield>
    <subfield code="y">L</subfield>
  </datafield>
  <datafield tag="952" ind1=" " ind2=" ">
    <subfield code="0">0</subfield>
    <subfield code="1">0</subfield>
    <subfield code="4">0</subfield>
    <subfield code="7">0</subfield>
    <subfield code="a">BCEJYS</subfield>
    <subfield code="b">BCEJYS</subfield>
    <subfield code="c">16</subfield>
    <subfield code="d">2026-04-07</subfield>
    <subfield code="l">0</subfield>
    <subfield code="o">342.5 L735 v.1 2ed.</subfield>
    <subfield code="p">L20842</subfield>
    <subfield code="r">2026-04-07 15:58:51</subfield>
    <subfield code="w">2026-04-07</subfield>
    <subfield code="y">L</subfield>
  </datafield>
  <datafield tag="952" ind1=" " ind2=" ">
    <subfield code="0">0</subfield>
    <subfield code="1">0</subfield>
    <subfield code="4">0</subfield>
    <subfield code="7">0</subfield>
    <subfield code="a">BCEJYS</subfield>
    <subfield code="b">BCEJYS</subfield>
    <subfield code="c">16</subfield>
    <subfield code="d">2026-04-07</subfield>
    <subfield code="l">0</subfield>
    <subfield code="o">342.5 L735 v.2 2ed.</subfield>
    <subfield code="p">L20843</subfield>
    <subfield code="r">2026-04-07 15:58:51</subfield>
    <subfield code="w">2026-04-07</subfield>
    <subfield code="y">L</subfield>
  </datafield>
</record>
